English Premier League Top Goalscorers (2012-2013 Season) - Statistics

General Stats
  • This quiz has been taken 574 times
  • The average score is 12 of 20
Answer Stats
Hint Answer % Correct
Manchester United 26 Robin Van Persie
96%
Liverpool 23 Luis Suarez
92%
Newcastle 13 Demba Ba
84%
Aston Villa 19 Christian Benteke
78%
Chelsea 15 Frank Lampard
78%
Manchester City 14 Edin Dzeko
72%
Tottenham Hotspur 21 Gareth Bale
72%
West Brom 17 Romelu Lukaku
71%
Arsenal 14 Theo Walcott
71%
Swansea City 18 Miguel Michu
68%
Southampton 15 Rickie Lambert
61%
Fulham 15 Dimitar Berbatov
55%
Norwich City 8 Grant Holt
51%
Queens Park Rangers 6 Loic Remy
43%
Wigan Athletic 11 Arouna Kone
41%
West Ham 10 Kevin Nolan
41%
Reading 12 Adam le Fondre
39%
Stoke City 8 Jonathan Walters
39%
Sunderland 11 Steven Fletcher
39%
Everton 11 Marouane Fellaini
35%
No matching quizzes found
Score Distribution
Percent of People with Each Score
Percentile by Number Answered
Your Score History
You have not taken this quiz